书目信息 |
| 题名: |
中国古金银器收藏鉴赏百问百答
|
|
| 作者: | 方东 , 胡湘燕 编著 | |
| 分册: | ||
| 出版信息: | 北京 中国轻工业出版社 2008 |
|
| 页数: | 132页 | |
| 开本: | 26cm | |
| 丛书名: | ||
| 单 册: | ||
| 中图分类: | K876.434 , G894 | |
| 科图分类: | ||
| 主题词: | 金银器(考古)--jin yin qi ( kao gu )--收藏--中国 , 金银器(考古)--jin yin qi ( kao gu )--鉴赏--中国 | |
| 电子资源: | ||
| ISBN: | 978-7-5019-6302-7 | |
| 000 | 00949nam0 2200253 450 | |
| 001 | 003774511 | |
| 005 | 20080927154515.32 | |
| 010 | @a978-7-5019-6302-7@dCNY29.80 | |
| 100 | @a20080602d2008 em y0chiy0110 ea | |
| 101 | 0 | @achi |
| 102 | @aCN@b110000 | |
| 105 | @aa z 000yy | |
| 200 | 1 | @a中国古金银器收藏鉴赏百问百答@Azhong guo gu jin yin qi shou cang jian shang bai wen bai da@f方东, 胡湘燕编著 |
| 210 | @a北京@c中国轻工业出版社@d2008 | |
| 215 | @a132页@c图@d26cm | |
| 330 | @a本书用一百个问题详细介绍了古金银器等种类和特征,金银器的鉴赏辨伪、收藏、保养、制作工艺、器形、装饰纹样和铭文、历代风格特征及重大考古发现中出土的金银器介绍等。 | |
| 606 | 0 | @a金银器(考古)@Ajin yin qi ( kao gu )@x收藏@y中国 |
| 606 | 0 | @a金银器(考古)@Ajin yin qi ( kao gu )@x鉴赏@y中国 |
| 690 | @aK876.434@v4 | |
| 690 | @aG894@v4 | |
| 701 | 0 | @a方东@Afang dong@4编著 |
| 701 | 0 | @a胡湘燕@Ahu xiang yan@4编著 |
| 801 | 0 | @aCN@c20080927 |
| 905 | @dK876.434@eF192 | |
| 中国古金银器收藏鉴赏百问百答/方东, 胡湘燕编著.-北京:中国轻工业出版社,2008 |
| 132页:图;26cm |
| ISBN 978-7-5019-6302-7:CNY29.80 |
| 本书用一百个问题详细介绍了古金银器等种类和特征,金银器的鉴赏辨伪、收藏、保养、制作工艺、器形、装饰纹样和铭文、历代风格特征及重大考古发现中出土的金银器介绍等。 |
| ● |
| 相关链接 |
|
|
|
正题名:中国古金银器收藏鉴赏百问百答
索取号:K876.434/F192
 
预约/预借
| 序号 | 登录号 | 条形码 | 馆藏地/架位号 | 状态 | 备注 |
| 1 | 840624 | 208406241 | 社科库309/309社科库 8排3列5层/ [索取号:K876.434/F192] | 在馆 | |
| 2 | 840625 | 208406250 | 社科库309/309社科库 8排3列5层/ [索取号:K876.434/F192] | 在馆 | |
| 3 | 840626 | 208406269 | 社科库309/309社科库 8排3列5层/ [索取号:K876.434/F192] | 在馆 |